UBT Library

WRITING ABOUT LITERATURE (Record no. 19492)

000 -LEADER
fixed length control field 00303nam a22001337a 4500
008 - FIXED-LENGTH DATA ELEMENTS--GENERAL INFORMATION
fixed length control field 170629b xxu||||| |||| 00| 0 eng d
020 ## - INTERNATIONAL STANDARD BOOK NUMBER
International Standard Book Number 9780130814302
041 ## - LANGUAGE CODE
Language code of text/sound track or separate title eng
080 ## - UNIVERSAL DECIMAL CLASSIFICATION NUMBER
Edition identifier 9 ED
Universal Decimal Classification number 82
100 ## - Rafti
Rafti 22
101 ## - Shkurtesa
Shkurtesa GJL
245 ## - TITLE STATEMENT
Title WRITING ABOUT LITERATURE
Statement of responsibility, etc ROBERTS.E.V
942 ## - ADDED ENTRY ELEMENTS (KOHA)
Source of classification or shelving scheme
Item type Books
Holdings
Withdrawn status Lost status Source of classification or shelving scheme Damaged status Not for loan Collection code Permanent location Current location Shelving location Date acquired Total Checkouts Full call number Barcode Date last seen Price effective from Koha item type
          Koleksioni i përgjithshem UBT - Lipjan UBT - Lipjan Koleksioni i përgjithshem 06/29/2017   82 ROB 002-2907272 06/29/2017 06/29/2017 Books
          Koleksioni i përgjithshem UBT - Lipjan UBT - Lipjan Koleksioni i përgjithshem 06/29/2017   82 ROB 002-2907267 06/29/2017 06/29/2017 Books
          Koleksioni i përgjithshem UBT - Lipjan UBT - Lipjan Koleksioni i përgjithshem 06/29/2017   82 ROB 002-2907262 06/29/2017 06/29/2017 Books
          Koleksioni i përgjithshem UBT - Lipjan UBT - Lipjan Koleksioni i përgjithshem 06/29/2017   82 ROB 002-2907257 06/29/2017 06/29/2017 Books
          Koleksioni i përgjithshem UBT - Lipjan UBT - Lipjan Koleksioni i përgjithshem 06/29/2017   82 ROB 002-2907252 06/29/2017 06/29/2017 Books
          Koleksioni i përgjithshem UBT - Lipjan UBT - Lipjan Koleksioni i përgjithshem 06/29/2017   82 ROB 002-2907247 06/29/2017 06/29/2017 Books
UBT Library © 2015-2024. All rights reserved University Education for Business and Technology